000 00510nam a2200157Ia 4500
008 170221s9999 xx 000 0 und d
100 _aOkorie, Nelson.
245 _aCelebrity Endorsement Influence on Brand Credibility: A Critical Review of Previous Studies
245 _cOkorie Nelson, Agbaleke Deborah.
260 _bOnline Journal of Communication and Media Technologies
260 _c2017
300 _a7 : 1
650 _xCommunication
650 _xMedia Arts
856 _uhttp://www.ojcmt.net/
999 _c306711
_d306711